000 00373nam a2200145Ia 4500
003 Ost
005 20260225132556.0
008 260225s9999||||xx |||||||||||||| ||und||
040 _cfsic
041 _afre
082 _a302.23
245 0 _aLe Cinéma français vu par... :
245 0 _brépertoire des documents audiovisuels sur le cinéma français /
942 _cكتاب
999 _c34470
_d34470